00415nam a2200157Ia 4500008004100000020001500041082000800056100002000064245006900084250000600153260003000159300001700189500002400206650001000230700001700240230524s9999 xx 000 0 und d a8122414605 bRAJ aN.Krishna Raju  0aReinforced Concrete Design : IS 456-2000 Principles and Practice a5 aNew DelhibCharotarc2015 a"XVII,610p;" aQuantity Number: 1 aCivil aR.N. Prenesh